Les Mouvements littéraires - Statistiques

Statistiques générales
  • Ce quiz a été pris 635 fois
  • Le résultat moyen est 10 sur 14
Statistiques - réponses
Dates Auteurs Mouvements % Correct
1800-1850 Lamartine, Hugo Romantisme
92%
1830-1890 Flaubert, Maupassant Réalisme
86%
1660-1690 La Fontaine, Molière Classicisme
84%
1715-1789 Voltaire, Diderot Lumières
83%
1870-1890 Zola, Goncourt Naturalisme
81%
XVI°s Rabelais, Montaigne Humanisme
77%
1919-1945 Aragon, Eluard Surréalisme
76%
1580-1660 Corneille Baroque
73%
1549-1570 Ronsard, Du Bellay Pléiade
69%
1950-1970 Duras Nouveau Roman
65%
Seconde moitié du XX°s Camus, Beckett Absurde
63%
1869-1896 Verlaine, Laforgue Symbolisme
62%
1840- fin XIX°s Gautier Parnasse
52%
1626-1662 Madame de Lafayette Préciosité
20%
Aucun quiz correspondant
Distribution des résultats
% des personnes avec chaque résultat
Percentile par nombre de réponses
Votre historique - résultats
Vous n’avez pas pris ce quiz